Практическое использование MS Windows

Bibliographische Detailangaben
1. Verfasser: Намиот Дмитрий Евгеньевич
Zusammenfassung:Исключено из фонда НТБ ТПУ
Sprache:Russisch
Veröffentlicht: Москва, Унитех, 1992
Format: MixedMaterials Buch
KOHA link:https://koha.lib.tpu.ru/cgi-bin/koha/opac-detail.pl?biblionumber=28410

MARC

LEADER 00000nam0a2200000 4500
001 28410
005 20231030202825.0
010 |a 5822300103 
035 |a (RuTPU)RU\TPU\book\28666 
035 |a BOOK00000391 
090 |a 28410 
100 |a 20011209d1992 k y0rusy50 ca 
101 0 |a rus 
102 |a RU 
105 |a  001|y 
200 1 |a Практическое использование MS Windows  |f Д. Е. Намиот 
210 |a Москва  |c Унитех  |d 1992 
215 |a 125 с. 
320 |a Предм. указ.: с. 119-124. 
333 |a Исключено из фонда НТБ ТПУ 
700 1 |a Намиот  |g Дмитрий Евгеньевич 
801 0 |a RU  |b 63413507  |c 20011209  |g PSBO 
801 2 |a RU  |b 63413507  |c 20170309  |g RCR 
942 |c BK